Oil investment: impact of crisis and future forecast

Saved in:
Bibliographic Details
Main Author: Hlušková, Tatiana, 1987-
Format: Book Chapter
Language:English
Subjects:
Tags: Add Tag
No Tags, Be the first to tag this record!

MARC

LEADER 00000nla a2200000 4500
001 0166106
005 20240710080220.4
041 0 |a eng 
044 |a SK 
245 1 0 |a Oil investment: impact of crisis and future forecast  |c Tatiana Hlušková 
610 2 0 |a ropa 
610 2 0 |a ceny 
610 2 0 |a kríza hospodárska 
610 2 0 |a kríza finančná 
610 2 0 |a dovoz 
610 2 0 |a vývoz 
610 2 0 |a príjmy 
610 2 0 |a investície priame zahraničné 
610 2 0 |a investície rozvojové 
610 2 0 |a priemysel palivovo-energetický 
100 1 |a Hlušková, Tatiana, 1987-